000 00232nam a22000977a 4500
100 _aSingha,Manoj
_979899
245 _aMaharana Pratap
260 _aDelhi
_bPrasad Sahitya Sansthan
_c2019
650 _aChildren Book
_979900
942 _cBK
999 _c63444
_d63444